Вып. 14 : Химические методы определения элементов и использованием экстракции; Методы анализа химических реактивов и препаратов

Detalles Bibliográficos
Parent link:Методы анализа химических реактивов и препаратов: [сборник статей]/ Всесоюзный научно-исследовательский институт химических реактивов и особо чистых химических веществ. Вып. 14 : Химические методы определения элементов и использованием экстракции.— , 1962-1973
Otros Autores: Ластовский Р. П.
Lenguaje:ruso
Publicado: 1967
Materias:
Formato: MixedMaterials Libro
KOHA link:https://koha.lib.tpu.ru/cgi-bin/koha/opac-detail.pl?biblionumber=272814

MARC

LEADER 00000nam2a2200000 4500
001 272814
005 20231101234554.0
035 |a (RuTPU)RU\TPU\book\296023 
090 |a 272814 
100 |a 20141021d1967 k y0rusy50 ca 
101 0 |a rus 
102 |a RU 
105 |a a z 001zy 
200 0 |a Вып. 14 : Химические методы определения элементов и использованием экстракции  |f гл. ред. Р. П. Ластовский 
210 |d 1967 
215 |a 117 с.  |c ил. 
320 |a Библиогр. в конце ст. 
461 1 |0 (RuTPU)RU\TPU\book\204129  |t Методы анализа химических реактивов и препаратов  |o [сборник статей]  |f Всесоюзный научно-исследовательский институт химических реактивов и особо чистых химических веществ  |v Вып. 14 : Химические методы определения элементов и использованием экстракции  |d 1962-1973 
606 1 |a Химические реактивы  |2 stltpush  |3 (RuTPU)RU\TPU\subj\73363  |9 86395 
610 1 |a экстракция 
610 1 |a катионы 
610 1 |a определение 
610 1 |a экстрагенты 
675 |a 543-4  |v 4 
702 1 |a Ластовский  |b Р. П.  |4 651 
801 1 |a RU  |b 63413507  |c 20141021 
801 2 |a RU  |b 63413507  |c 20171108  |g RCR 
942 |c BK